Verejné financie vo svetle plnenia daní počas ekonomickej transformácie

Vývoj daňového inkasa za roky 1993-1997. Plnenie daňových príjmov štátneho rozpočtu. Plnenie daňovej štruktúry daňových príjmov. Zhodnotenie príjmov štátneho rozpočtu SR z daní.

Salvato in:
Dettagli Bibliografici
Autore principale: Burák, Emil
Natura: Capitolo di libro
Lingua:slovacco
Soggetti:
Tags: Aggiungi Tag
Nessun Tag, puoi essere il primo ad aggiungerne!!

MARC

LEADER 00000naa a2200000 4500
001 r033976
005 20221129101921.5
041 0 |a slo 
044 |a SK 
245 1 0 |a Verejné financie vo svetle plnenia daní počas ekonomickej transformácie  |c Emil Burák 
520 |a Vývoj daňového inkasa za roky 1993-1997. Plnenie daňových príjmov štátneho rozpočtu. Plnenie daňovej štruktúry daňových príjmov. Zhodnotenie príjmov štátneho rozpočtu SR z daní. 
610 2 0 |a dane 
610 2 0 |a financie verejné 
610 2 0 |a transformácia 
610 2 0 |a inkaso 
610 2 0 |a príjmy rozpočtu štátneho 
610 2 0 |a Slovensko 
610 2 0 |a 1993-1997 
100 1 |a Burák, Emil